El Derecho al desarrollo. Discurso del Presidente de la República Doctor Oscar Arias Sánchez

में बचाया:
ग्रंथसूची विवरण
मुख्य लेखक: Arias Sánchez, Oscar
निगमित लेखक: Costa Rica. Presidencia de la República
स्वरूप: मूलपाठ
प्रकाशित: San José: Imprenta Nacional
टैग: टैग जोड़ें
कोई टैग नहीं, इस रिकॉर्ड को टैग करने वाले पहले व्यक्ति बनें!

MARC

LEADER 00000 a a2200000 04500
001 25372
003
040
090 |a 181500  
100 |a Arias Sánchez, Oscar  
110 |a Costa Rica. Presidencia de la República  
245 |a El Derecho al desarrollo. Discurso del Presidente de la República Doctor Oscar Arias Sánchez  
260 |a San José:   |b Imprenta Nacional  
300 |a 12 p.  
999 |c 10247  |d 10247